<?xml version="1.0" encoding="UTF-8"?>
<record
    xmlns:xsi="http://www.w3.org/2001/XMLSchema-instance"
    xsi:schemaLocation="http://www.loc.gov/MARC21/slim http://www.loc.gov/standards/marcxml/schema/MARC21slim.xsd"
    xmlns="http://www.loc.gov/MARC21/slim">

  <leader>01132cam a2200277 a 4500</leader>
  <controlfield tag="001">000010554</controlfield>
  <controlfield tag="005">20200929162240.0</controlfield>
  <controlfield tag="008">990520s1996    sp a     b    000 0 spa  </controlfield>
  <datafield tag="020" ind1=" " ind2=" ">
    <subfield code="a">847820332X</subfield>
  </datafield>
  <datafield tag="040" ind1=" " ind2=" ">
    <subfield code="a">DO-SdBNP</subfield>
    <subfield code="b">spa</subfield>
    <subfield code="c">DLC</subfield>
    <subfield code="d">BNPHU</subfield>
  </datafield>
  <datafield tag="082" ind1=" " ind2=" ">
    <subfield code="a">929.6</subfield>
    <subfield code="b">M379h</subfield>
  </datafield>
  <datafield tag="100" ind1="1" ind2=" ">
    <subfield code="a">Mart&#xED;n-Bueno, Manuel.</subfield>
    <subfield code="9">25607</subfield>
  </datafield>
  <datafield tag="245" ind1="1" ind2="3">
    <subfield code="a">La her&#xE1;ldica de Pedro IV y Juan I en el Palacio Real de la Aljafer&#xED;a /</subfield>
    <subfield code="c">Manuel Mart&#xED;n-Bueno, J. Carlos S&#xE1;enz Preciado y Alfonso Monforte Espallargas.</subfield>
  </datafield>
  <datafield tag="260" ind1=" " ind2=" ">
    <subfield code="a">Zaragoza, Espa&#xF1;a :</subfield>
    <subfield code="b">Instituci&#xF3;n Fernando el Cat&#xF3;lico,</subfield>
    <subfield code="c">1996.</subfield>
  </datafield>
  <datafield tag="300" ind1=" " ind2=" ">
    <subfield code="a">96 p. :</subfield>
    <subfield code="b">il. ;</subfield>
    <subfield code="c">30 cm.</subfield>
  </datafield>
  <datafield tag="504" ind1=" " ind2=" ">
    <subfield code="a">Incluye Referencias bibliogr&#xE1;ficas p. 65-67.</subfield>
  </datafield>
  <datafield tag="651" ind1=" " ind2="4">
    <subfield code="a">Arag&#xF3;n (Espa&#xF1;a{Rpara}</subfield>
    <subfield code="x">Reyes Y Gobernates</subfield>
    <subfield code="x">Her&#xE1;ldica</subfield>
    <subfield code="9">25608</subfield>
  </datafield>
  <datafield tag="650" ind1=" " ind2="4">
    <subfield code="a">Her&#xE1;ldica</subfield>
    <subfield code="z">Arag&#xF3;n Espa&#xF1;a</subfield>
    <subfield code="9">25609</subfield>
  </datafield>
  <datafield tag="610" ind1="2" ind2="4">
    <subfield code="a">ALJAFER&#xCD;A (ZARAGOZA, ESPA&#xD1;A).</subfield>
    <subfield code="9">25610</subfield>
  </datafield>
  <datafield tag="600" ind1="1" ind2="4">
    <subfield code="a">PEDRO</subfield>
    <subfield code="b">IV,</subfield>
    <subfield code="c">REY DE ARAG&#xD3;N</subfield>
    <subfield code="d">131?-1387.</subfield>
    <subfield code="9">25611</subfield>
  </datafield>
  <datafield tag="600" ind1="1" ind2="4">
    <subfield code="a">JUAN</subfield>
    <subfield code="b">I,</subfield>
    <subfield code="c">REY DE ARAG&#xD3;N</subfield>
    <subfield code="d">1350-1396.</subfield>
    <subfield code="9">25612</subfield>
  </datafield>
  <datafield tag="700" ind1="1" ind2=" ">
    <subfield code="a">S&#xE1;enz Preciado, J. Carlos.</subfield>
    <subfield code="9">25613</subfield>
  </datafield>
  <datafield tag="700" ind1="1" ind2=" ">
    <subfield code="a">Monforte Espallargas, Alfonso.</subfield>
    <subfield code="9">25614</subfield>
  </datafield>
  <datafield tag="910" ind1=" " ind2=" ">
    <subfield code="a">Catalogaci&#xF3;n por copia / LC</subfield>
  </datafield>
  <datafield tag="049" ind1=" " ind2=" ">
    <subfield code="a">BNGR</subfield>
  </datafield>
  <datafield tag="952" ind1=" " ind2=" ">
    <subfield code="0">0</subfield>
    <subfield code="1">0</subfield>
    <subfield code="5">4</subfield>
    <subfield code="7">0</subfield>
    <subfield code="8">MO</subfield>
    <subfield code="a">GR</subfield>
    <subfield code="b">GR</subfield>
    <subfield code="c">CT</subfield>
    <subfield code="d">2009-10-07</subfield>
    <subfield code="i">LF1</subfield>
    <subfield code="l">0</subfield>
    <subfield code="o">929.6 M379h</subfield>
    <subfield code="p">10554-10</subfield>
    <subfield code="r">2020-06-25</subfield>
    <subfield code="w">2020-06-25</subfield>
    <subfield code="y">4</subfield>
    <subfield code="Z">Pr&#xE9;stamo en sala</subfield>
  </datafield>
  <datafield tag="999" ind1=" " ind2=" ">
    <subfield code="c">10312</subfield>
    <subfield code="d">10312</subfield>
  </datafield>
</record>
